Stock Symbols of Restaurant Brands - Statistics

General Stats
  • This quiz has been taken 30 times
  • The average score is 11 of 20
Answer Stats
Hint Answer % Correct
MCD McDonalds
100%
PZZA Papa John's Pizza
97%
WEN Wendy's
90%
SBUX Starbucks
87%
JACK Jack in the Box
83%
DENN Denny's
80%
YUM Yum! Brands
73%
SHAK Shake Shack
70%
WING Wingstop
70%
TXRH Texas Roadhouse
57%
QSR Restaurant Brands International
50%
CAVA Cava Group
33%
CAKE Cheesecake Factory
33%
CMG Chipotle Mexican Grill
33%
RRGB Red Robin
33%
DPZ Domino's Pizza
30%
DRI Darden Restaurants
23%
DIN Dine Brands
17%
SG Sweetgreen
17%
EAT Brinker International
7%
No matching quizzes found
Score Distribution
Percent of People with Each Score
Percentile by Number Answered
Your Score History
You have not taken this quiz